| 000 | 01016cam a22003137a 4500 | ||
|---|---|---|---|
| 003 | CHAP | ||
| 005 | 20220329140647.0 | ||
| 008 | 971013s1978 r 00010 d | ||
| 010 | _a55545 | ||
| 011 | _a56517 | ||
| 035 | _a60670 | ||
| 040 | _cCHAP | ||
| 090 | _aFolleto 12015 | ||
| 100 | 0 | 0 |
_aScolt, R. M. _9103351 |
| 245 | 1 | 2 | _aA manual on the south australian environmental data bank |
| 260 |
_aCanberra : _bCSIRO. División of Land use Research, _c1978 |
||
| 300 | _a79 p. | ||
| 490 | 0 |
_aTechical memorandum _v; 78?19 |
|
| 590 |
_aBATCH-UPD _b10 _c20130110 _lUCH01 _h0114 |
||
| 590 |
_aBATCH-UPD _b10 _c20130110 _lUCH01 _h0816 |
||
| 590 |
_aBATCH-UPD _b10 _c20130409 _lUCH01 _h2105 |
||
| 590 |
_aBATCH-UPD _b10 _c20130914 _lUCH01 _h1937 |
||
| 590 |
_aCONVERSION _b10 _c20130109 _lUCH01 _h1330 |
||
| 650 | 1 | 4 |
_aProcesamiento automático de datos en ecología. _991772 |
| 830 | 0 |
_aTechical memorandum _v; 78?19 _9111876 |
|
| 901 | _aBK | ||
| 942 | _cFOLL | ||
| 949 |
_aFolleto 12015 _bBC _cFOLL _d-130633 _eTS1 _i60670 _si |
||
| 999 |
_c55545 _d55545 |
||